LEADER 00949nam a2200205 4500 001 000000365330 003 CaOOAMICUS 005 20251121114747.0 008 251121s1917 it 000 u ita r 040 $aSeMil$bita 100 1 $aGorla, Carlo Giovanni,$c.$0(OLS)http://semarc/name/11457 245 14$aUna gloria milanese:$bIl Servo di Dio Lodovico M. Calco /$cP. C. Gorla. 264 1$aMonza :$bScuola tipografica editrice Artigianelli,$c1917. 300 $a8 p. ;$c25 cm 600 14$aCalco, Ludovico Maria .$0(OLS)http://semarc/subject/2598 850 $aSeMil 852 $aSeMil$W1$xVenegono$y1$m5C VIII 3/17$j264683$B256165$CSeMilBibl$Z2$F256165 $86 996 $6245$aUna gloria milanese:$bIl Servo di Dio Lodovico M. Calco$9(OLS)http://semarc/title/456893 996 $6264$aMonza :$bScuola tipografica editrice Artigianelli$9(OLS)http://semarc/publisher/62618 LEADER 01385nam a2200265 i 4500 001 000000067215 003 CaOOAMICUS 005 20140218000000.0 008 140218s1977 xx u000 u ger u 013 $a38387 040 $aSeMil$bita 100 1 $aSebott, Reinhold,$c.$0(OLS)http://semarc/name/3345 245 10$aReligionsfreiheit und Verhältnis von Kirche und Staat :$bder Beitrag John Courtney Murrays zu einer modernen Frage /$cReinhold Sebott. 260 $aRoma :$bUniversitā Gregoriana,$c1977. 490 0 $aAnalecta Gregoriana ;$v206 490 0 $aAnalecta Gregoriana. Series Facultatis Iuris Canonici. Sectio B ;$v40 650 4$aChiesa e Stato.$0(OLS)http://semarc/subject/1242 650 4$aLibertā religiosa.$0(OLS)http://semarc/subject/6329 650 4$aMurray, John Courtney.$0(OLS)http://semarc/subject/13147 830 0$aAnalecta Gregoriana ;$v206.$0(OLS)http://semarc/title/9 830 0$aAnalecta Gregoriana. Series Facultatis Iuris Canonici. Sectio B ;$v40.$0(OLS)http://semarc/title/21674 850 $aSeMil 852 $aSeMil$W1$xVenegono$y1$m2N V 306$j33368$B33368$CSeMilBibl$Z2$F33371 $81 996 $6245$aReligionsfreiheit und Verhältnis von Kirche und Staat :$bder Beitrag John Courtney Murrays zu einer modernen Frage$9(OLS)http://semarc/title/107096 996 $6260$aRoma :$bUniversitā Gregoriana$9(OLS)http://semarc/publisher/31479